| 000 -CABECERA |
| campo de control de longitud fija |
00589nam a2200193 u 4500 |
| 001 - NÚMERO DE CONTROL |
| campo de control |
000055271 |
| 005 - FECHA Y HORA DE LA ÚLTIMA TRANSACCIÓN |
| campo de control |
20200120223038.0 |
| 008 - DATOS DE LONGITUD FIJA--INFORMACIÓN GENERAL |
| campo de control de longitud fija |
110301s1981 ag g fr 000 0 spa d |
| 041 0# - CÓDIGO DE LENGUA |
| Código de lengua del texto/banda sonora o título independiente |
* spa |
| 082 04 - NÚMERO DE LA CLASIFICACIÓN DECIMAL DEWEY |
| Número de clasificación |
786.2 |
| Número de documento/Ítem |
W65 |
| Número de edición |
21 |
| 100 1# - ENTRADA PRINCIPAL--NOMBRE DE PERSONA |
| Nombre de persona |
Wolff, B. |
| 245 13 - MENCIÓN DE TÍTULO |
| Título |
El pequeño pischna : |
| Resto del título |
ejercicios técnicos para piano / |
| Mención de responsabilidad, etc. |
B. Wolff. |
| 250 ## - MENCIÓN DE EDICIÓN |
| Mención de edición |
1a. ed. |
| 260 ## - PUBLICACIÓN, DISTRIBUCIÓN, ETC. |
| Lugar de publicación, distribución, etc. |
Buenos Aires : |
| Nombre del editor, distribuidor, etc. |
Ricordi Americana, |
| Fecha de publicación, distribución, etc. |
1981. |
| 300 ## - DESCRIPCIÓN FÍSICA |
| Extensión |
1 partitura (39 p.). |
| 650 14 - PUNTO DE ACCESO ADICIONAL DE MATERIA--TÉRMINO DE MATERIA |
| Término de materia o nombre geográfico como elemento de entrada |
Música para piano |
| Subdivisión de forma |
Partituras |
| 650 24 - PUNTO DE ACCESO ADICIONAL DE MATERIA--TÉRMINO DE MATERIA |
| Término de materia o nombre geográfico como elemento de entrada |
Piano |
| Subdivisión general |
Enseñanza |
| Subdivisión de forma |
Partituras |
| 650 24 - PUNTO DE ACCESO ADICIONAL DE MATERIA--TÉRMINO DE MATERIA |
| Término de materia o nombre geográfico como elemento de entrada |
Piano |
| Subdivisión general |
Estudios y ejercicios |
| Subdivisión de forma |
Partituras |